[Event "GBR-ch 103th"]
[Site "Bournemouth"]
[Date "2016.08.01"]
[Round "7.7"]
[White "Ward, Chris G"]
[Black "Batchelor, Peter J"]
[Result "1-0"]
[WhiteElo "2437"]
[BlackElo "2341"]
[PlyCount "119"]
[EventDate "2016.07.25"]
[EventType "swiss"]
[EventRounds "11"]
[EventCountry "GBR"]

1. d4 d5 2. c4 e6 3. Nc3 Be7 4. Nf3 Nf6 5. cxd5 exd5 6. Qc2 O-O 7. Bg5 c6 8. e3
Ne4 9. Bxe7 Qxe7 10. Bd3 f5 11. O-O Be6 12. Ne5 Nd7 13. f4 Rfc8 14. g4 Nxe5 15.
dxe5 g6 16. gxf5 gxf5 17. Bxe4 dxe4 18. Ne2 Kh8 19. Nd4 Bd7 20. b4 Rg8+ 21. Kh1
Rg7 22. Qc5 Qf7 23. Rg1 Rag8 24. Qd6 Rxg1+ 25. Rxg1 Rxg1+ 26. Kxg1 Qg6+ 27.
Qxg6 hxg6 28. a4 c5 29. bxc5 Bxa4 30. Kf2 Kg8 31. Ke1 Kf7 32. Kd2 Ke7 33. Kc3
Bd7 34. Kb4 Be8 35. h4 Bd7 36. Kc4 Be6+ 37. Kb5 Bd7+ 38. Ka5 Be8 39. Kb4 Bd7
40. Kc4 Be8 41. Kb4 Kd8 42. Ne6+ Ke7 43. Ng5 Bc6 44. Nh7 Kf7 45. Nf6 Kg7 46. h5
Kh6 47. hxg6 Kxg6 48. Kc4 Kf7 49. Nh5 Bd7 50. Ng3 a6 51. Kb4 Ke6 52. Nh5 Bc6
53. Ng7+ Kd5 54. Nxf5 a5+ 55. Kxa5 Kxc5 56. Nd4 Be8 57. e6 b6+ 58. Ka6 b5 59.
f5 Bh5 60. f6 1-0

[Event "GBR-ch 103th"]
[Site "Bournemouth"]
[Date "2016.08.01"]
[Round "7.8"]
[White "Fodor, Tamas Jr"]
[Black "Osborne, Marcus E"]
[Result "0-1"]
[WhiteElo "2505"]
[BlackElo "2244"]
[PlyCount "72"]
[EventDate "2016.07.25"]
[EventType "swiss"]
[EventRounds "11"]
[EventCountry "GBR"]

1. e4 c5 2. Nf3 e6 3. d4 cxd4 4. Nxd4 Nf6 5. Nc3 d6 6. Be2 a6 7. a4 Qc7 8. a5
Nbd7 9. O-O Nc5 10. Bf3 Be7 11. g3 O-O 12. Bg2 Rb8 13. Qe2 b5 14. e5 dxe5 15.
Nc6 b4 16. Nxb8 Qxb8 17. Nb1 Bd7 18. Re1 e4 19. Nd2 Bb5 20. Nc4 b3 21. Be3 bxc2
22. Bxc5 Bxc5 23. Qxc2 Rc8 24. b3 Ng4 25. Re2 f5 26. Bxe4 fxe4 27. Qxe4 Nxf2
28. Qxe6+ Kh8 29. Rf1 Nh3+ 30. Kg2 Qb7+ 31. Kxh3 Bd7 32. Qxd7 Qxd7+ 33. Kg2
Qd5+ 34. Rf3 Rf8 35. Nd2 g5 36. Ne4 Rxf3 0-1

[Event "GBR-ch 103th"]
[Site "Bournemouth"]
[Date "2016.08.01"]
[Round "7.9"]
[White "Pert, Richard G"]
[Black "Brown, Martin"]
[Result "0-1"]
[WhiteElo "2441"]
[BlackElo "2252"]
[PlyCount "140"]
[EventDate "2016.07.25"]
[EventType "swiss"]
[EventRounds "11"]
[EventCountry "GBR"]

1. e4 e6 2. d4 d5 3. Nd2 Be7 4. Ngf3 Nf6 5. e5 Nfd7 6. c3 c5 7. Bd3 Nc6 8. O-O
a5 9. Re1 cxd4 10. cxd4 Qb6 11. Nb1 Nxd4 12. Nxd4 Qxd4 13. Nc3 Qb6 14. Qg4 g6
15. Bh6 Nc5 16. Bb5+ Bd7 17. a4 Bc6 18. Rad1 Rd8 19. Bg7 Rg8 20. Bf6 Rd7 21.
Bxe7 Rxe7 22. b4 Nd7 23. bxa5 Qxa5 24. Qh3 Kf8 25. Qh6+ Rg7 26. Ne2 Bxb5 27.
axb5 Nxe5 28. Ra1 Qd8 29. Nd4 Nc4 30. f4 Nd6 31. Kh1 Nf5 32. Nxf5 gxf5 33. Ra3
Kg8 34. Qf6 Re8 35. Qd4 f6 36. Rae3 Kf7 37. b6 Qd6 38. Rc3 Re7 39. Qd1 Rg4 40.
h3 Rh4 41. Rf1 Qxb6 42. Rc8 Re8 43. Qc2 Rxc8 44. Qxc8 Qc6 45. Qd8 Rxf4 46. Ra1
Rc4 47. Qh8 Rc1+ 48. Rxc1 Qxc1+ 49. Kh2 Qh6 50. Qb8 Qf8 51. Qxb7+ Qe7 52. Qb8
d4 53. Qh8 Kg6 54. Qg8+ Kh6 55. Qg3 Qc5 56. Kh1 Qe5 57. Qa3 Qe1+ 58. Kh2 Qe5+
59. Kh1 Kg7 60. Qe7+ Kg6 61. Qe8+ Kg5 62. Qg8+ Kf4 63. Qxh7 Qe1+ 64. Kh2 Qg3+
65. Kh1 Qe1+ 66. Kh2 Qg3+ 67. Kh1 Ke3 68. Qh6+ Qg5 69. Qf8 Kf2 70. Qa3 Qxg2#
0-1

[Event "GBR-ch 103th"]
[Site "Bournemouth"]
[Date "2016.08.01"]
[Round "7.10"]
[White "Kolbus, Dietmar"]
[Black "Duncan, Chris R"]
[Result "1-0"]
[WhiteElo "2315"]
[BlackElo "2292"]
[PlyCount "129"]
[EventDate "2016.07.25"]
[EventType "swiss"]
[EventRounds "11"]
[EventCountry "GBR"]

1. c4 e5 2. Nc3 Nc6 3. Nf3 Nf6 4. e3 Bb4 5. Qc2 Bxc3 6. Qxc3 Qe7 7. d3 d5 8. a3
O-O 9. cxd5 Nxd5 10. Qc2 a5 11. Be2 Kh8 12. b3 f5 13. Bb2 Qd6 14. O-O f4 15. e4
Nb6 16. Rfd1 Bg4 17. d4 Bxf3 18. dxe5 Qe7 19. Bxf3 Nxe5 20. Qc3 Nxf3+ 21. Qxf3
a4 22. b4 Rae8 23. Rac1 Rf7 24. Bd4 Qe6 25. Qc3 f3 26. gxf3 h6 27. Rd3 Nc8 28.
Kh1 Kh7 29. Rg1 g6 30. Rg3 Rd8 31. Be3 Rxd3 32. Qxd3 Nd6 33. Bc5 Nc4 34. b5 b6
35. Bb4 Rd7 36. Qc2 Ne5 37. Kg2 Qb3 38. Qc3 Qe6 39. f4 Ng4 40. Qf3 Nf6 41. Rxg6
Qxe4 42. Qxe4 Nxe4 43. Rc6 Rf7 44. Kf3 Ng5+ 45. Kg2 Ne4 46. Rc4 Nf6 47. Bc3 Nd5
48. Be5 Kg6 49. Rxa4 Kf5 50. Kf3 Nf6 51. Bxf6 Rxf6 52. Rc4 Rd6 53. a4 Rd3+ 54.
Kg2 Rd7 55. f3 Re7 56. Kg3 Rg7+ 57. Kh4 Rd7 58. Kh5 Rd2 59. h4 Ra2 60. Kxh6 Kf6
61. h5 Ra1 62. Rc6+ Kf5 63. Kg7 Rg1+ 64. Rg6 Rd1 65. Rf6# 1-0

[Event "GBR-ch 103th"]
[Site "Bournemouth"]
[Date "2016.08.01"]
[Round "7.11"]
[White "Hackner, Oskar A"]
[Black "Emms, John M"]
[Result "0-1"]
[WhiteElo "2156"]
[BlackElo "2467"]
[PlyCount "130"]
[EventDate "2016.07.25"]
[EventType "swiss"]
[EventRounds "11"]
[EventCountry "GBR"]

1. d4 c5 2. d5 g6 3. e4 d6 4. c4 Bg7 5. Ne2 e6 6. Nbc3 exd5 7. cxd5 a6 8. a4
Nd7 9. Ng3 h5 10. Be2 Qe7 11. f3 Bd4 12. Nf1 f5 13. Be3 Bxe3 14. Nxe3 Ngf6 15.
Nc4 fxe4 16. Nxe4 Nxe4 17. fxe4 O-O 18. Bf3 Ne5 19. Nxe5 Qxe5 20. Qb3 Bf5 21.
O-O Bxe4 22. Bxe4 Qxe4 23. Qxb7 a5 24. Rae1 Qxa4 25. h3 Rxf1+ 26. Rxf1 Rf8 27.
Rxf8+ Kxf8 28. Qb8+ Ke7 29. Qc7+ Qd7 30. Qxa5 Qb7 31. Qe1+ Kf8 32. Qe6 Qe7 33.
Qxg6 Qe1+ 34. Kh2 Qe5+ 35. g3 Qxb2+ 36. Kg1 Qc1+ 37. Kf2 Qd2+ 38. Kg1 Qd1+ 39.
Kh2 Qd2+ 40. Kg1 Qxd5 41. Qf6+ Ke8 42. g4 hxg4 43. hxg4 c4 44. g5 Qc5+ 45. Kg2
c3 46. Qe6+ Kd8 47. g6 c2 48. g7 Qg5+ 49. Kf2 Qxg7 50. Qxd6+ Qd7 51. Qf8+ Kc7
52. Qf4+ Qd6 53. Qc4+ Qc6 54. Qf4+ Kb7 55. Qc1 Qc3 56. Ke2 Kc6 57. Qh6+ Kb5 58.
Qg5+ Ka4 59. Qf4+ Kb3 60. Qb8+ Ka2 61. Qa7+ Kb2 62. Qb7+ Qb3 63. Qg7+ Kb1 64.
Qh7 Qe6+ 65. Kd2 Qh6+ 0-1

[Event "GBR-ch 103th"]
[Site "Bournemouth"]
[Date "2016.08.01"]
[Round "7.12"]
[White "Claridge-Hansen, William"]
[Black "Kalavannan, Koby"]
[Result "1-0"]
[WhiteElo "2299"]
[BlackElo "2131"]
[PlyCount "127"]
[EventDate "2016.07.25"]
[EventType "swiss"]
[EventRounds "11"]
[EventCountry "GBR"]

1. c4 Nf6 2. g3 g6 3. Bg2 Bg7 4. Nc3 O-O 5. e4 c5 6. Nge2 Nc6 7. d3 a6 8. h3
Rb8 9. Be3 d6 10. d4 cxd4 11. Nxd4 Ne8 12. O-O Nc7 13. a4 Ne6 14. Nde2 Nc5 15.
Rb1 Nb4 16. b3 f5 17. Nd5 Nc6 18. b4 Nxe4 19. b5 axb5 20. cxb5 Ne5 21. Bb6 Qe8
22. Ba7 Bd7 23. Bxb8 Qxb8 24. Nxe7+ Kh8 25. Nd5 Nc4 26. Bxe4 fxe4 27. Kg2 Qc8
28. Ng1 Qc5 29. Rc1 Bh6 30. Rxc4 Qxc4 31. Nb6 Qe6 32. Nxd7 Qxd7 33. Qd4+ Bg7
34. Qxe4 d5 35. Qd3 d4 36. a5 Ra8 37. Ra1 Qc7 38. a6 bxa6 39. Rxa6 Rd8 40. Ra3
Qc5 41. Rb3 Qb6 42. Nf3 Rb8 43. h4 Qc5 44. Ng5 Rb6 45. Qe4 Qc8 46. Nf7+ Kg8 47.
Qd5 Qb7 48. Qxb7 Rxb7 49. Nd6 Rb6 50. Nc4 Rb8 51. b6 Kf7 52. Na5 Ke8 53. Kf3
Kd7 54. Ke4 Kd6 55. Rb5 Re8+ 56. Kd3 Rb8 57. g4 Kd7 58. f4 Bf6 59. h5 Bd8 60.
Rd5+ Ke6 61. Rxd8 Rxd8 62. Nc6 Rd7 63. b7 Rxb7 64. Nd8+ 1-0

[Event "GBR-ch 103th"]
[Site "Bournemouth"]
[Date "2016.08.01"]
[Round "7.13"]
[White "Storey, Charles H"]
[Black "Zhang, Anthony Y"]
[Result "1-0"]
[WhiteElo "2256"]
[BlackElo "2149"]
[PlyCount "91"]
[EventDate "2016.07.25"]
[EventType "swiss"]
[EventRounds "11"]
[EventCountry "GBR"]

1. c4 e5 2. g3 Nf6 3. Bg2 Nc6 4. Nc3 Bb4 5. Nd5 Bc5 6. e3 d6 7. b4 Bxb4 8.
Nxf6+ gxf6 9. Ne2 Bd7 10. O-O h5 11. h4 Rb8 12. d4 Ne7 13. Rb1 c5 14. a3 Ba5
15. dxc5 dxc5 16. Rxb7 Rxb7 17. Bxb7 Qb6 18. Bg2 Qa6 19. Qb3 O-O 20. Bb2 Be6
21. Rc1 Bc7 22. Ba1 Rb8 23. Qa2 Rb4 24. Nc3 Bxc4 25. Bf1 Qe6 26. Qd2 Rb6 27.
Bxc4 Qxc4 28. Qd7 Bd6 29. Rd1 Qe6 30. Qxa7 Rc6 31. Ne4 Kg7 32. Qb7 Qg4 33. Nc3
Rc7 34. Qb8 Qe6 35. Ne4 Qg4 36. Rxd6 Qxe4 37. Qxc7 Nf5 38. Rd7 Qb1+ 39. Kg2
Qe4+ 40. Kh2 Qc2 41. Rxf7+ Kg6 42. Rxf6+ Kxf6 43. Qxe5+ Kg6 44. Qe8+ Kh6 45.
Qh8+ Kg6 46. Qg8+ 1-0

[Event "GBR-ch 103th"]
[Site "Bournemouth"]
[Date "2016.08.01"]
[Round "7.14"]
[White "Asenov, Pavel"]
[Black "Bridge, Neil A"]
[Result "1/2-1/2"]
[WhiteElo "2250"]
[BlackElo "2044"]
[PlyCount "61"]
[EventDate "2016.07.25"]
[EventType "swiss"]
[EventRounds "11"]
[EventCountry "GBR"]

1. Nf3 c5 2. c4 Nc6 3. d4 cxd4 4. Nxd4 Qb6 5. Nb3 e6 6. a3 Nf6 7. Nc3 Be7 8. e4
O-O 9. Be3 Qc7 10. Be2 Rd8 11. Rc1 d5 12. cxd5 exd5 13. exd5 Qe5 14. Bf3 Be6
15. O-O Nxd5 16. Nxd5 Bxd5 17. Bxd5 Rxd5 18. Qc2 Bd6 19. g3 Qe6 20. Rfd1 Ne5
21. Nd4 Qg4 22. Qf5 Rd8 23. h3 Qg6 24. Qxg6 Nxg6 25. Nf3 Rxd1+ 26. Rxd1 b6 27.
Kf1 Kf8 28. Ke2 Ke8 29. Ng5 h6 30. Ne4 Be5 31. Rxd8+ 1/2-1/2

[Event "GBR-ch 103th"]
[Site "Bournemouth"]
[Date "2016.08.01"]
[Round "7.15"]
[White "Gill, Oliver"]
[Black "Lyell, Mark"]
[Result "1/2-1/2"]
[WhiteElo "2102"]
[BlackElo "2238"]
[PlyCount "95"]
[EventDate "2016.07.25"]
[EventType "swiss"]
[EventRounds "11"]
[EventCountry "GBR"]

1. e4 c5 2. b3 d6 3. Bb2 Nf6 4. Nc3 Nc6 5. f4 g6 6. Qf3 Bg7 7. h3 Nd4 8. Qd3 d5
9. O-O-O dxe4 10. Qe3 O-O 11. g4 Bd7 12. g5 Nh5 13. Nge2 Qa5 14. Kb1 Bc6 15.
Bg2 Rad8 16. Bxe4 Bxe4 17. Nxe4 Nxe2 18. Bxg7 Kxg7 19. Qxe2 Nxf4 20. Qe3 Ne6
21. h4 c4 22. bxc4 Nd4 23. Qc3 Qb6+ 24. Qb2 Qc6 25. d3 Kg8 26. c3 Nf5 27. Qb5
Rxd3 28. Rxd3 Qxe4 29. Qd5 Qf4 30. Qf3 Qxc4 31. h5 Rc8 32. Qh3 Qe6 33. Rf1 Qe4
34. Qf3 Qe5 35. Rfd1 Nd6 36. Qg3 Qb5+ 37. Ka1 Rc6 38. Rb1 Qf5 39. h6 f6 40.
gxf6 Qxf6 41. Rf3 Nf5 42. Qb8+ Kf7 43. Qxb7 Rxc3 44. Qd5+ Ke8 45. Qg8+ Kd7 46.
Qd5+ Ke8 47. Qg8+ Kd7 48. Qd5+ 1/2-1/2

[Event "GBR-ch 103th"]
[Site "Bournemouth"]
[Date "2016.08.01"]
[Round "7.16"]
[White "Payne, Matthew J"]
[Black "Oyama, Akito"]
[Result "1/2-1/2"]
[WhiteElo "2040"]
[BlackElo "2183"]
[PlyCount "94"]
[EventDate "2016.07.25"]
[EventType "swiss"]
[EventRounds "11"]
[EventCountry "GBR"]

1. e4 c5 2. Nc3 Nc6 3. Bb5 Nd4 4. Bc4 Nf6 5. Nge2 a6 6. d3 b5 7. Bb3 Nxb3 8.
axb3 Bb7 9. O-O e6 10. f4 b4 11. Na4 d5 12. e5 Nd7 13. d4 cxd4 14. Nxd4 g6 15.
f5 exf5 16. e6 Nf6 17. exf7+ Kxf7 18. g4 Rg8 19. gxf5 gxf5+ 20. Kh1 Qe7 21.
Rxf5 Qe4+ 22. Qf3 Qe1+ 23. Qf1 Qe4+ 24. Qf3 Qe1+ 25. Qf1 Qxf1+ 26. Rxf1 Rg4 27.
Bf4 Re8 28. h3 Rg6 29. Kh2 Kg8 30. Rae1 Re4 31. Rxe4 dxe4 32. Rg1 Nd5 33. Rxg6+
hxg6 34. Kg3 Nxf4 35. Kxf4 Kf7 36. c4 bxc3 37. bxc3 Bd6+ 38. Ke3 g5 39. c4 Bf4+
40. Ke2 Bc8 41. Nc5 g4 42. hxg4 Bxg4+ 43. Kf2 e3+ 44. Kf1 Be5 45. Nc2 e2+ 46.
Kf2 a5 47. Nd3 Ke6 1/2-1/2

[Event "GBR-ch 103th"]
[Site "Bournemouth"]
[Date "2016.08.01"]
[Round "7.17"]
[White "Waddington, Mike P"]
[Black "Coleman, David J"]
[Result "1-0"]
[WhiteElo "2018"]
[BlackElo "2181"]
[PlyCount "79"]
[EventDate "2016.07.25"]
[EventType "swiss"]
[EventRounds "11"]
[EventCountry "GBR"]

1. d4 Nf6 2. Bg5 d5 3. Nf3 c6 4. e3 Nbd7 5. Bd3 Qb6 6. b3 g6 7. O-O Bg7 8. c4
O-O 9. Nc3 dxc4 10. bxc4 e5 11. Rb1 Qa5 12. Qb3 Re8 13. Qc2 a6 14. Bh4 Ra7 15.
Nd2 b5 16. a4 bxa4 17. Nxa4 h5 18. c5 Nd5 19. Nc4 Qc7 20. Nd6 Re6 21. Qc4 Rxd6
22. cxd6 Qxd6 23. Rfc1 Rc7 24. Bg3 Qe7 25. h4 Kh7 26. Nc5 Ra7 27. Ne4 Bb7 28.
Ng5+ Kh6 29. e4 f6 30. exd5 cxd5 31. Qc7 fxg5 32. Rxb7 Rxb7 33. Qxb7 gxh4 34.
Bxe5 Bxe5 35. dxe5 Qg5 36. Rc8 h3 37. Qxd5 Nxe5 38. Rh8+ Kg7 39. Qg8+ Kf6 40.
Qd8+ 1-0

[Event "GBR-ch 103th"]
[Site "Bournemouth"]
[Date "2016.08.01"]
[Round "7.18"]
[White "Hill, Alistair"]
[Black "Starley, Robert"]
[Result "1/2-1/2"]
[WhiteElo "2257"]
[BlackElo "2001"]
[PlyCount "95"]
[EventDate "2016.07.25"]
[EventType "swiss"]
[EventRounds "11"]
[EventCountry "GBR"]

1. Nf3 d5 2. g3 Nf6 3. Bg2 e6 4. O-O c5 5. d4 Nc6 6. c4 dxc4 7. dxc5 Qxd1 8.
Rxd1 Bxc5 9. Nbd2 Ng4 10. Ne4 Bb6 11. h3 Nf6 12. Nd6+ Ke7 13. Nxc4 Bc5 14. Nfe5
Nxe5 15. Nxe5 Ne8 16. Bf4 f6 17. Nd3 Bb6 18. b3 e5 19. Bc1 Bc7 20. Nc5 Rb8 21.
Ba3 Kf7 22. Bd5+ Kg6 23. Ne6 Bd6 24. Be4+ Kf7 25. Nd8+ Ke7 26. Rxd6 Nxd6 27.
Bxd6+ Kxd6 28. Nf7+ Ke7 29. Nxh8 Be6 30. Rc1 Kd6 31. h4 b6 32. Bxh7 Rxh8 33.
Bd3 Bd5 34. Bc4 Bc6 35. f3 g5 36. hxg5 fxg5 37. b4 e4 38. Kf2 exf3 39. exf3
Rh2+ 40. Ke3 Rh3 41. Rg1 Ke5 42. Bb3 a5 43. bxa5 bxa5 44. Kf2 a4 45. Re1+ Kd4
46. Be6 Rh2+ 47. Kg1 Rb2 48. f4 1/2-1/2

[Event "GBR-ch 103th"]
[Site "Bournemouth"]
[Date "2016.08.01"]
[Round "7.19"]
[White "Longson, Sarah N"]
[Black "Nelson, Jonathan P"]
[Result "1/2-1/2"]
[WhiteElo "2117"]
[BlackElo "2207"]
[PlyCount "58"]
[EventDate "2016.07.25"]
[EventType "swiss"]
[EventRounds "11"]
[EventCountry "GBR"]

1. e4 e6 2. d4 d5 3. Nc3 Bb4 4. e5 c5 5. a3 Bxc3+ 6. bxc3 Ne7 7. Qg4 Nf5 8. Bd3
h5 9. Qh3 Nc6 10. Nf3 cxd4 11. Bxf5 exf5 12. Qg3 Kf8 13. cxd4 Qa5+ 14. Bd2 Qa6
15. Qg5 Rh6 16. Nh4 Bd7 17. c3 Ne7 18. c4 Qxc4 19. Rc1 Qd3 20. Bb4 Re8 21. Rc7
Qb1+ 22. Rc1 Qe4+ 23. Kf1 Qg4 24. Qxg4 hxg4 25. g3 Kg8 26. Rc7 Bb5+ 27. Ke1 Rc6
28. Rxc6 Nxc6 29. Nxf5 Re6 1/2-1/2

[Event "GBR-ch 103th"]
[Site "Bournemouth"]
[Date "2016.08.01"]
[Round "7.20"]
[White "Brooks, Phil J"]
[Black "Moreby, James E"]
[Result "1/2-1/2"]
[WhiteElo "2190"]
[BlackElo "2040"]
[PlyCount "56"]
[EventDate "2016.07.25"]
[EventType "swiss"]
[EventRounds "11"]
[EventCountry "GBR"]

1. d4 Nf6 2. c4 e6 3. Nc3 Bb4 4. e3 b6 5. Nge2 Ne4 6. Qc2 Bb7 7. a3 Bxc3+ 8.
Nxc3 Nxc3 9. Qxc3 d6 10. f3 Qh4+ 11. g3 Qh5 12. e4 O-O 13. Bg2 f5 14. exf5 exf5
15. O-O Nd7 16. Bd2 Rae8 17. Rae1 Rxe1 18. Rxe1 Re8 19. Rxe8+ Qxe8 20. Qe3
Qxe3+ 21. Bxe3 Kf7 22. b3 h6 23. Kf2 g5 24. Bf1 Kf6 25. Bd3 Nf8 26. d5 Bc8 27.
Bd4+ Kf7 28. f4 g4 1/2-1/2

[Event "GBR-ch 103th"]
[Site "Bournemouth"]
[Date "2016.08.01"]
[Round "7.21"]
[White "Willmoth, Robert F"]
[Black "Simons, Martin J"]
[Result "1-0"]
[WhiteElo "2189"]
[BlackElo "2015"]
[PlyCount "71"]
[EventDate "2016.07.25"]
[EventType "swiss"]
[EventRounds "11"]
[EventCountry "GBR"]

1. d4 c5 2. d5 Nf6 3. c4 b5 4. cxb5 a6 5. bxa6 g6 6. g3 d6 7. Bg2 Bxa6 8. Nc3
Bg7 9. Nf3 O-O 10. Rb1 Qa5 11. O-O Nbd7 12. Bd2 Rfb8 13. b3 Ne8 14. Qc2 Nc7 15.
a4 Qb6 16. Rfc1 Ra7 17. e4 Rab7 18. h3 Qa7 19. Be3 Qa8 20. Na2 Ne8 21. Bd2 Rb6
22. Kh2 Qb7 23. b4 cxb4 24. Rxb4 Nc5 25. Rxb6 Qxb6 26. Nb4 Bb7 27. a5 Qa7 28.
Ne1 Nc7 29. Ned3 Nxd3 30. Nxd3 Na6 31. Qa4 Bd4 32. Qd7 Bxf2 33. Nxf2 Qxf2 34.
Bh6 Nc5 35. Qc7 Rc8 36. Qxb7 1-0

[Event "GBR-ch 103th"]
[Site "Bournemouth"]
[Date "2016.08.01"]
[Round "7.22"]
[White "Taylor, Adam A"]
[Black "Ralphs, Nigel"]
[Result "1-0"]
[WhiteElo "2168"]
[BlackElo "2000"]
[PlyCount "77"]
[EventDate "2016.07.25"]
[EventType "swiss"]
[EventRounds "11"]
[EventCountry "GBR"]

1. Nf3 d5 2. c4 c6 3. g3 Nf6 4. Bg2 Bg4 5. Ne5 Be6 6. cxd5 Bxd5 7. Nf3 c5 8.
Nc3 Bc6 9. O-O e6 10. Re1 Be7 11. e4 O-O 12. d4 cxd4 13. Nxd4 e5 14. Nxc6 bxc6
15. Qe2 Nbd7 16. Rd1 Qc7 17. Be3 Bc5 18. Rac1 Bxe3 19. Qxe3 Qb6 20. Qe2 Nc5 21.
Bh3 Qb4 22. a3 Qb3 23. Nd5 cxd5 24. Rxc5 dxe4 25. Rxe5 Rfd8 26. Rc1 Rab8 27.
Rc2 Rd3 28. Bf5 Rbd8 29. Bxe4 Nxe4 30. Qxe4 g6 31. Rc7 Rd1+ 32. Kg2 R1d7 33.
Re8+ Kg7 34. Qe5+ Kh6 35. Re7 Rxc7 36. Rxc7 a6 37. h4 Rb8 38. h5 Qxb2 39. Qf4+
1-0

[Event "GBR-ch 103th"]
[Site "Bournemouth"]
[Date "2016.08.01"]
[Round "7.23"]
[White "Menadue, Jeremy FS"]
[Black "Wall, Tim P"]
[Result "0-1"]
[WhiteElo "2034"]
[BlackElo "2162"]
[PlyCount "152"]
[EventDate "2016.07.25"]
[EventType "swiss"]
[EventRounds "11"]
[EventCountry "GBR"]

1. d4 d5 2. Nf3 Nf6 3. c4 e6 4. Nc3 Be7 5. Bg5 h6 6. Bxf6 Bxf6 7. e3 O-O 8. Qd2
dxc4 9. Bxc4 Nd7 10. O-O-O c5 11. dxc5 Qe7 12. Ne4 Nxc5 13. Nxf6+ Qxf6 14. Qd4
b6 15. Qxf6 gxf6 16. Nd2 Bb7 17. f3 a6 18. Kb1 b5 19. Nb3 Na4 20. Bd3 Rac8 21.
Rc1 Bd5 22. Nd4 Nc5 23. Be2 f5 24. b3 Nb7 25. Rhd1 Nd6 26. Kb2 Kg7 27. Rxc8
Rxc8 28. Nc2 a5 29. Nd4 b4 30. Rd2 Rc3 31. Rd3 e5 32. Nc2 Rc5 33. Rd2 Kf6 34.
Ne1 Ke6 35. Nd3 Rc3 36. Rc2 Rxc2+ 37. Kxc2 Nb7 38. Nb2 Nd6 39. Kd3 Nb5 40. Nd1
Kd6 41. Kd2 Na3 42. Kc1 f6 43. Nf2 Kc5 44. g4 Be6 45. h3 Nb5 46. Bxb5 Kxb5 47.
gxf5 Bxf5 48. e4 Be6 49. Ng4 Kc5 50. Nxh6 Bxh3 51. Ng8 Bg2 52. Nxf6 Bxf3 53.
Nd7+ Kd4 54. Nb6 Be2 55. Kb2 Kxe4 56. a3 Kd4 57. axb4 axb4 58. Kc2 Bb5 59. Nc8
e4 60. Ne7 Bd3+ 61. Kb2 e3 62. Nc6+ Kc5 63. Ne5 Bb5 64. Kc2 Kd4 65. Nf3+ Ke4
66. Ng5+ Kf4 67. Ne6+ Kg3 68. Nd4 Kf2 69. Kd1 e2+ 70. Nxe2 Bxe2+ 71. Kd2 Bb5
72. Kc2 Ke3 73. Kb2 Kd2 74. Kb1 Kc3 75. Ka2 Bc4 76. bxc4 Kc2 0-1

[Event "GBR-ch 103th"]
[Site "Bournemouth"]
[Date "2016.08.01"]
[Round "7.24"]
[White "Shaw, Peter"]
[Black "Miller, Dominic"]
[Result "1-0"]
[WhiteElo "2143"]
[BlackElo "1783"]
[PlyCount "59"]
[EventDate "2016.07.25"]
[EventType "swiss"]
[EventRounds "11"]
[EventCountry "GBR"]

1. d4 d5 2. c4 c6 3. Nf3 Nf6 4. e3 e6 5. Nc3 Nbd7 6. Qc2 Bd6 7. b3 O-O 8. Be2
Re8 9. O-O Qc7 10. Bb2 dxc4 11. bxc4 e5 12. h3 exd4 13. exd4 Nf8 14. Rfe1 Ng6
15. Bd3 Be6 16. Ng5 Bd7 17. Nce4 Nxe4 18. Bxe4 Bf4 19. Nf3 Be6 20. Re2 Rad8 21.
Rae1 Bh6 22. g3 Kh8 23. Bf5 Nf8 24. Ne5 Bg5 25. Bxe6 Rxe6 26. Qf5 Bf6 27. d5
cxd5 28. cxd5 Red6 29. Rc1 Qe7 30. Ba3 1-0

[Event "GBR-ch 103th"]
[Site "Bournemouth"]
[Date "2016.08.01"]
[Round "7.25"]
[White "Hewson, Brian Wr"]
[Black "Bicknell, Carl"]
[Result "0-1"]
[WhiteElo "2082"]
[BlackElo "2121"]
[PlyCount "87"]
[EventDate "2016.07.25"]
[EventType "swiss"]
[EventRounds "11"]
[EventCountry "GBR"]

1. d4 Nf6 2. e3 g6 3. Bd3 Bg7 4. f4 O-O 5. Nf3 c5 6. O-O b6 7. c3 Ba6 8. a4 d5
9. Bxa6 Nxa6 10. Nbd2 Nc7 11. Ne5 Nce8 12. Qe2 Nd6 13. b3 Rc8 14. Ba3 Nfe4 15.
Nxe4 Nxe4 16. Rac1 c4 17. b4 Bxe5 18. fxe5 a6 19. Qc2 b5 20. a5 f6 21. exf6
exf6 22. Rf3 Rc7 23. Rcf1 Rcf7 24. Bc1 f5 25. Bd2 h5 26. Be1 h4 27. Rh3 g5 28.
Rhf3 Qd6 29. Qe2 Qe6 30. h3 Kg7 31. Qc2 Qd6 32. Bf2 f4 33. Be1 fxe3 34. Rxf7+
Rxf7 35. Rxf7+ Kxf7 36. Qe2 Qf4 37. Qh5+ Kg7 38. Qe8 e2 39. Qe7+ Qf7 40. Qxf7+
Kxf7 41. g4 hxg3 42. Kg2 Kg6 43. Kf3 Kh5 44. Kxe2 0-1

[Event "GBR-ch 103th"]
[Site "Bournemouth"]
[Date "2016.08.01"]
[Round "7.26"]
[White "Harvey, Marcus R"]
[Black "Talbot, Nathan L"]
[Result "1-0"]
[WhiteElo "2324"]
[BlackElo "2108"]
[PlyCount "85"]
[EventDate "2016.07.25"]
[EventType "swiss"]
[EventRounds "11"]
[EventCountry "GBR"]

1. e4 e6 2. d4 d5 3. Nc3 Bb4 4. exd5 exd5 5. Bd3 Nc6 6. a3 Bxc3+ 7. bxc3 Nge7
8. Qh5 Be6 9. Ne2 Qd7 10. O-O O-O-O 11. Ng3 g6 12. Qg5 h5 13. h4 Nf5 14. Ne2
Rde8 15. Nf4 Qd8 16. Qxd8+ Nxd8 17. g3 Nd6 18. a4 Nc4 19. a5 c6 20. Nxe6 Rxe6
21. Bf4 Rhe8 22. Rfc1 Nd6 23. Kf1 f5 24. Bxd6 Rxd6 25. Re1 Rde6 26. Rxe6 Rxe6
27. c4 Nf7 28. c5 a6 29. Kg2 Re7 30. Kf3 Nd8 31. Kf4 Ne6+ 32. Ke5 Kd7 33. Kf6
Nf8 34. c4 Ke8 35. cxd5 cxd5 36. Rb1 Rf7+ 37. Ke5 Rd7 38. Rb6 Kd8 39. Rd6 Ke7
40. Kxd5 Rc7 41. Bc2 Rd7 42. Ke5 Rc7 43. Ba4 1-0

[Event "GBR-ch 103th"]
[Site "Bournemouth"]
[Date "2016.08.01"]
[Round "7.27"]
[White "Kalaiyalahan, Akshaya"]
[Black "Mitra, Roman C"]
[Result "1/2-1/2"]
[WhiteElo "2288"]
[BlackElo "2073"]
[PlyCount "63"]
[EventDate "2016.07.25"]
[EventType "swiss"]
[EventRounds "11"]
[EventCountry "GBR"]

1. d4 d5 2. c4 c6 3. Nf3 Nf6 4. g3 e6 5. Bg2 Nbd7 6. O-O Be7 7. Qc2 O-O 8. Nbd2
b6 9. e4 Bb7 10. e5 Ne8 11. cxd5 cxd5 12. Nb1 b5 13. a3 a5 14. Nc3 b4 15. axb4
axb4 16. Rxa8 Qxa8 17. Ne2 Ba6 18. Re1 Qb7 19. b3 Bxe2 20. Qxe2 Nc7 21. Bf1 Ra8
22. h4 Nb8 23. Qd3 Ra1 24. Bd2 Rxe1 25. Nxe1 Nc6 26. Nc2 Qa7 27. Kg2 Qa2 28.
Be2 Qb2 29. Bf1 h5 30. Be2 g6 31. Bd1 Kg7 32. Be2 1/2-1/2

[Event "GBR-ch 103th"]
[Site "Bournemouth"]
[Date "2016.08.01"]
[Round "7.28"]
[White "Dilleigh, Stephen P"]
[Black "Rudd, Jack"]
[Result "0-1"]
[WhiteElo "2053"]
[BlackElo "2213"]
[PlyCount "92"]
[EventDate "2016.07.25"]
[EventType "swiss"]
[EventRounds "11"]
[EventCountry "GBR"]

1. Nf3 Nf6 2. c4 e6 3. Nc3 d5 4. d4 c6 5. cxd5 exd5 6. Bg5 Be7 7. e3 Bf5 8.
Bxf6 Bxf6 9. Bd3 Bxd3 10. Qxd3 O-O 11. O-O a5 12. a3 Be7 13. Qc2 Nd7 14. Ne2
Bd6 15. Ng3 g6 16. e4 dxe4 17. Nxe4 Be7 18. Rfe1 Nf6 19. Nxf6+ Bxf6 20. Qc4 Qd6
21. Rad1 Rad8 22. b4 axb4 23. axb4 Qd5 24. Qc3 Rfe8 25. Re3 Re4 26. Rxe4 Qxe4
27. h3 Rd5 28. Qa3 Kg7 29. Re1 Qc2 30. Rc1 Qf5 31. Rc5 Be7 32. Rxd5 Qxd5 33.
Qc3 Qb5 34. g4 Qxb4 35. Qxb4 Bxb4 36. Kf1 Kf6 37. Ke2 h6 38. Kd3 Ke6 39. Kc4
Be7 40. Ne5 b5+ 41. Kc3 c5 42. Nd3 Kd5 43. dxc5 Bxc5 44. f3 Bd6 45. Ne1 b4+ 46.
Kb3 Kd4 0-1

[Event "GBR-ch 103th"]
[Site "Bournemouth"]
[Date "2016.08.01"]
[Round "7.29"]
[White "Jones, Steven A"]
[Black "Walker, Samuel A"]
[Result "1-0"]
[WhiteElo "2186"]
[BlackElo "2022"]
[PlyCount "83"]
[EventDate "2016.07.25"]
[EventType "swiss"]
[EventRounds "11"]
[EventCountry "GBR"]

1. e4 c5 2. Nf3 g6 3. d4 cxd4 4. Nxd4 Nc6 5. Nc3 Bg7 6. Be3 Nf6 7. Bc4 O-O 8.
Bb3 d6 9. f3 Bd7 10. h4 a5 11. a4 Nb4 12. Qd2 e5 13. Ndb5 d5 14. Nxd5 Nfxd5 15.
Bxd5 Nxd5 16. Qxd5 Qc8 17. O-O-O Be6 18. Nd6 Qc6 19. Qxc6 bxc6 20. Nb7 f5 21.
h5 fxe4 22. Nc5 Bc8 23. Nxe4 Bf5 24. hxg6 hxg6 25. b3 Rab8 26. Bc5 Rfe8 27. g4
Be6 28. Rd6 Rbc8 29. Ng5 Bf7 30. Rd7 Be6 31. Ra7 e4 32. Nxe4 Rcd8 33. Rxa5 Bxg4
34. Nd6 Bxf3 35. Nxe8 Bxh1 36. Nxg7 Kxg7 37. Ra7+ Kh6 38. a5 g5 39. a6 Rd5 40.
b4 g4 41. Ra8 g3 42. Rh8+ 1-0